000 01203nam a2200337 a 4500
001 000022412
003 DO-SdBPM
005 20241129095617.0
008 101008s1978 dr ac 001 0 spa d
020 _a8449921511
040 _aDO-SdBPM
_bspa
_cBPMSU
049 _a
082 4 _a972.91
_bR696M, 1978
_222
100 1 _aRodríguez Demorizi, Emilio,
_d1908-1986
100 z _aDemorizi, Emilio Rodríguez,
_d1908-1986
100 z _aRodríguez Demorizi, E.
_q(Emilio)
_d1908-1986
245 1 0 _aMaceo en Santo Domingo /
_cEmilio Rodríguez Demorizi.
250 _a2a ed.
260 _aSanto Domingo :
_bFundación Rodríguez Demorizi,
_c1978.
300 _a442 p. ;
_c24 cm.
490 0 _aFandación Rodríguez Demorizi,
_v8
500 _aIncluye índice onomástico
500 _aIncluye referencias bibliográficas y notas al pie de las páginas
590 _aInventariado, 2024/VM
600 1 4 _aMACEO, ANTONIO
_d1845-1896
651 4 _aCuba
_xHistoria
_yGuerra de independencia, 1895-1898
651 4 _aSanto Domingo (República Dominicana )
_xHistoria
710 2 _aFudación Rodríguez Demorizi (República Dominicana)
910 _aVMateo V. Control de calidad. BPMSU
942 _2ddc
_cBK
999 _c14876
_d14876